Going to the grasslands (KHMER) / (Record no. 48926)
| 000 -LEADER | |
|---|---|
| fixed length control field | 00250nam a2200097 4500 |
| 020 ## - INTERNATIONAL STANDARD BOOK NUMBER | |
| International Standard Book Number | 9789996395161 |
| 245 ## - TITLE STATEMENT | |
| Title | Going to the grasslands (KHMER) / |
| 260 ## - PUBLICATION, DISTRIBUTION, ETC. (IMPRINT) | |
| Place of publication, distribution, etc | Cambodia |
| Name of publisher, distributor, etc | Knowledge Books |
| Date of publication, distribution, etc | 2012 |
| 300 ## - PHYSICAL DESCRIPTION | |
| Extent | 32 p. |
| Other physical details | col. ill. |
| Dimensions | 29 cm. |
| 942 ## - ADDED ENTRY ELEMENTS (KOHA) | |
| Source of classification or shelving scheme | |
| Koha item type | Book |
| Withdrawn status | Lost status | Source of classification or shelving scheme | Damaged status | Not for loan | Collection code | Home library | Current library | Date acquired | Total Checkouts | Full call number | Barcode | Checked out | Date last seen | Date checked out | Price effective from | Koha item type |
|---|---|---|---|---|---|---|---|---|---|---|---|---|---|---|---|---|
| Siem Riep | Asian Hope Early Years Library | Asian Hope Early Years Library | 05/22/2025 | 8 | KHMER 591.74 GOI | 208040 | 04/23/2026 | 04/09/2026 | 05/22/2025 | Book | ||||||
| Siem Riep | Asian Hope Primary Library | Asian Hope Primary Library | 05/14/2025 | 10 | KHMER 591.74 GOI | 208093 | 05/01/2026 | 04/24/2026 | 04/24/2026 | 05/14/2025 | Book |